000
00320nam a2200133Ia 4500
008
151213s9999 xx 000 0 und d
100
_a
B . R. Mullik
245
_a
Studies in Poets Keats
_c
B . R. Mullik
260
_a
Agra
_b
-
_c
1970
300
_a
1861 p.
650
_a
English
700
_a
B . R. Mullik
999
_c
1366
_d
1366